The St. Albans Psalter : an Anglo-Norman song of faith

Gespeichert in:
Bibliographische Detailangaben
VerfasserIn: Haney, Kristine Edmondson (VerfasserIn)
Dokumenttyp: Buch
Sprache:English
Veröffentlicht: New York ; Frankfurt am Main ; Berlin [u.a.] : Lang , c 2002
Schriftenreihe:Studies in the humanities 60
Schlagwörter:
Online Zugang:Rezension
Rezension
Bibliogr. Hinweis:Rezensiert in: [Rezension von: Kristine Haney, The St. Albans Psalter]
Verantwortlich:Kristine Haney
LEADER 03779cam a2200865 c 4500
001 332060519
003 DE-627
005 20251222220503.0
007 tu
008 010725s2002 xxu||||| 00| ||eng c
010 |a  2001037696 
015 |a 01,N49,0105  |2 dnb 
015 |a 02,A17,1308  |2 dnb 
016 7 |a 961754087  |2 DE-101 
020 |a 0820457205  |q (alk. paper)  |9 0-8204-5720-5 
035 |a (DE-627)332060519 
035 |a (DE-576)099013134 
035 |a (DE-599)GBV332060519 
035 |a (OCoLC)248042534 
035 |a (OCoLC)47364084 
035 |a (OCoLC)248042534 
040 |a DE-627  |b ger  |c DE-627  |e rakwb 
041 |a eng 
044 |c XD-US  |c XA-CH  |c XA-DE 
050 0 |a ND3357.S12 
082 0 |a 745.6/7/0942 
082 0 |a 745.670942 
084 |a 46  |a 02  |a 12  |2 sdnb 
084 |a 1  |a 9,10  |2 ssgn 
084 |a 9,10  |a 1  |2 ssgn 
084 |a LO 62610  |2 rvk  |0 (DE-625)rvk/103979: 
084 |a 06.19  |2 bkl 
100 1 |a Haney, Kristine Edmondson  |d 1947-  |0 (DE-588)1024640094  |0 (DE-627)721014143  |0 (DE-576)164072578  |4 aut 
245 1 4 |a The St. Albans Psalter  |b an Anglo-Norman song of faith  |c Kristine Haney 
246 3 0 |a Saint 
246 3 3 |a The Saint Albans psalter 
264 1 |a New York  |a Frankfurt am Main  |a Berlin [u.a.]  |b Lang  |c c 2002 
300 |a XVI, 683 S  |b Ill 
336 |a Text  |b txt  |2 rdacontent 
337 |a ohne Hilfsmittel zu benutzen  |b n  |2 rdamedia 
338 |a Band  |b nc  |2 rdacarrier 
490 1 |a Studies in the humanities  |v 60 
500 |a Includes bibliographical references (p. 655 - 671 ) and index 
583 1 |a Archivierung/Langzeitarchivierung gewährleistet  |f SSG  |x XA-DE-BW  |2 pdager  |5 DE-21 
583 1 |a Archivierung/Langzeitarchivierung gewährleistet  |f SSG  |x XA-DE-BW  |2 pdager  |5 DE-16 
583 1 |a Archivierung prüfen  |c 20240324  |f DE-4165  |z 1  |2 pdager 
653 0 |a Psalters  |a England 
653 0 |a Illumination of books and manuscripts, Medieval  |a England 
653 0 |a Illumination of books and manuscripts, English 
653 0 |a Historiated initials 
653 0 |a St. Albans psalter 
653 0 |a Catholic Church  |a Psalter (Ms. St. Albans psalter) 
653 0 |a Manuscripts  |a Germany  |a Hildesheim 
653 0 |a Dombibliothek zu Hildesheim 
689 0 0 |d u  |0 (DE-588)4436106-3  |0 (DE-627)219484732  |0 (DE-576)212422898  |a Albani-Psalter  |2 gnd 
689 0 1 |d s  |0 (DE-588)4008650-1  |0 (DE-627)104318244  |0 (DE-576)208877517  |a Buchmalerei  |2 gnd 
689 0 |5 DE-101 
689 1 0 |d u  |0 (DE-588)4436106-3  |0 (DE-627)219484732  |0 (DE-576)212422898  |a Albani-Psalter  |2 gnd 
689 1 1 |d s  |0 (DE-588)4008650-1  |0 (DE-627)104318244  |0 (DE-576)208877517  |a Buchmalerei  |2 gnd 
689 1 |5 (DE-627) 
787 0 8 |i Rezensiert in  |a Nilgen, Ursula, 1931 - 2018  |t [Rezension von: Kristine Haney, The St. Albans Psalter]  |d 2003  |w (DE-627)1920426353 
830 0 |a Studies in the humanities  |v 60  |9 60  |w (DE-627)182273776  |w (DE-576)012423769  |w (DE-600)1192571-1  |x 0742-6712  |7 am 
856 4 2 |u https://swbplus.bsz-bw.de/bsz099013134rez.htm  |m B:DE-576;DE-16  |q application/pdf  |v 20081106100243  |x Verlag  |3 Rezension  |7 1 
856 4 2 |u http://www.sehepunkte.de/2003/04/1270.html  |m V:DE-576;X:Sehepunkte  |q text/html  |v 20180424113614  |3 Rezension  |7 1 
935 |a mteo 
935 |i Blocktest 
936 r v |a LO 62610  |b Psalter-Illustrationen  |k Kunstgeschichte  |k Kunst nach Ländern bzw. Kontinenten  |k Großbritannien, Irland  |k Kunstgeschichte Großbritanniens und Irlands nach Gattungen  |k Buchmalerei  |k Einzelne Buchformen  |k Psalter-Illustrationen  |0 (DE-627)1271250144  |0 (DE-625)rvk/103979:  |0 (DE-576)201250144 
936 b k |a 06.19  |j Handschriftenkunde: Sonstiges  |0 (DE-627)106403389 
951 |a BO 
990 |a Albani-Psalter 
990 |a Buchmalerei 
990 |a Albani-Psalter 
990 |a Buchmalerei 
991 |a Rezensiertes Werk 
999 |a KXP-PPN332060519  |e 4957210535